000 00878nam a22002057a 4500
003 OSt
005 20260420140954.0
008 221129b2021 |||||||| |||| 00| 0 eng
020 _a9781529375978 (hbk)
082 _a006.301 KIS
100 _aKissinger Henry A.
245 _aThe age of ai and our human future /
_bHenry A. Kissinger, Eric Schmidt and Daniel Huttenlocher
260 _aLondon :
_bJohn Murray,
_c2021.
505 _aWhere we are; How we got here : technology and human thought; From Turing to today--and beyond; Global network platforms; Security and world order; AI and human identity; AI and the future; Acknowledgements; Notes; Index
650 _aArtificial Intelligence - Social Aspects - Philosophy - Forecasting
650 _aTechnology - Social Change
700 _aSchmidt, Eric
700 _aHuttenlocher, Daniel
942 _2ddc
_cBK
999 _c211562
_d211562